Englands herrschaft in Indien / (Record no. 65026)

MARC details
000 -LEADER
campo de control de longitud fija 00441nam a2200157 i 4500
001 - NÚMERO DE CONTROL
campo de control 65026
003 - IDENTIFICADOR DE NÚMERO DE CONTROL
campo de control ES-MaACL
005 - FECHA Y HORA DE LA ÚLTIMA TRANSACCIÓN
campo de control 20230906165301.0
007 - CAMPO FIJO DE DESCRIPCIÓN FÍSICA--INFORMACIÓN GENERAL
campo de control de longitud fija t|
008 - DATOS DE LONGITUD FIJA--INFORMACIÓN GENERAL
campo de control de longitud fija 040108s1940 gw ||||1| ger d
100 1# - ENTRADA PRINCIPAL--NOMBRE DE PERSONA
Nombre de persona Frank, Reinhard.
9 (RLIN) 52312
245 10 - MENCIÓN DEL TÍTULO
Título Englands herrschaft in Indien /
Mención de responsabilidad, etc. Reinhard Frank.
260 ## - PUBLICACIÓN, DISTRIBUCIÓN, ETC.
Lugar de publicación, distribución, etc. Berlin :
Nombre del editor, distribuidor, etc. [s.n.],
Fecha de publicación, distribución, etc. 1940 (
Fabricante Druck Erich Zander)
300 ## - DESCRIPCIÓN FÍSICA
Extensión 98 p. ;
Dimensiones 20 cm.
852 ## - LOCALIZACIÓN
Ubicación ES-MaACL
Número de control de estantería 1831-F-14
Sublocalización o colección R.19136
Holdings
Estatus retirado Estado de pérdida Estado de daño No para préstamo Colección Biblioteca de origen Biblioteca actual Ubicación en estantería Fecha de adquisición Fuente de adquisición Total de préstamos Signatura topográfica completa Código de barras Visto por última vez Precio de reemplazo Tipo de ítem Koha
        Colección de folletos Biblioteca del Ateneo de Madrid Biblioteca del Ateneo de Madrid Depósito folletos 17/01/2008     1831-F-14 1068131 23/02/2023 23/02/2023 Folleto